| 000 | 00428cam a22001337a 4500 | ||
|---|---|---|---|
| 008 | 180718b1996 xxu||||| |||| 00| 0 eng d | ||
| 082 | _aAPPPA 95-96 DAS | ||
| 100 | _aDasgupta, Santosh | ||
| 245 |
_aApplicability of the principles of natural justice to the army act _cby Santosh Dasgupta |
||
| 260 |
_aNew Delhi _bIndian Institute of public Administration _c1996 |
||
| 300 | _a86p. | ||
| 650 | _aAPPPA | ||
| 650 | _aArmies - India | ||
| 999 |
_c481483 _d481483 |
||